[Event "8th ch-Euro"]
[Site "Dresden GER"]
[Date "2007.04.07"]
[Round "5"]
[White "Buhmann,R"]
[Black "Savickas,A"]
[Result "1-0"]
[WhiteElo "2547"]
[BlackElo "2360"]

1.Nf3 Nf6 2.c4 g6 3.Nc3 Bg7 4.e4 d6 5.d4 O-O 6.Be2 e5 7.O-O Nc6 8.d5 Ne7
9.b4 Nh5 10.c5 Kh8 11.Nd2 Nf4 12.Nc4 f5 13.Bf3 fxe4 14.Bxe4 Nf5 15.Kh1 Nd4
16.a4 Bf5 17.cxd6 cxd6 18.Bxf5 gxf5 19.Bxf4 exf4 20.Nd2 Rc8 21.Rc1 Qf6 22.Ne2 Qe5
23.Nxd4 Qxd4 24.Nf3 Qxd1 25.Rfxd1 Bb2 26.Rb1 Bf6 27.Nd4 Bxd4 28.Rxd4 f3 29.gxf3 Rc2
30.Kg2 Rg8+ 31.Kf1 Re8 32.Re1 Rxe1+ 33.Kxe1 Kg7 34.Kf1 Kf6 35.f4 Rc1+ 36.Kg2 Rc3
37.f3 Rc2+ 38.Kg3 Rc3 39.Kg2 Rc2+ 40.Kg3 Rc3 41.a5 Rc2 42.Rd3 Rb2 43.Re3 Rxb4
44.Re6+ Kf7 45.Rxd6 Rb5 46.Kh4 Rxa5 47.Kg5 Ke7 48.Rh6 Rxd5 49.Rxh7+ Ke6 50.Rxb7 a5
51.Ra7 Rd2 52.Ra6+ Kf7 53.h4 Rg2+ 54.Kxf5 Rh2 55.Ra7+ Kg8 56.Kg6 Rg2+ 57.Kf5 Rc2  1-0

[Event "9th Open"]
[Site "Foxwoods USA"]
[Date "2007.04.07"]
[Round "6"]
[White "Harper,W"]
[Black "Waidyaratne,K"]
[Result "1-0"]
[WhiteElo "2195"]
[BlackElo "2073"]

1.Nf3 Nf6 2.c4 g6 3.Nc3 Bg7 4.e4 d6 5.d4 O-O 6.Be2 e5 7.O-O Nc6 8.d5 Ne7
9.Ne1 Nd7 10.Be3 f5 11.f3 f4 12.Bf2 g5 13.Nd3 Nf6 14.c5 Ng6 15.a4 h5 16.a5 g4
17.a6 g3 18.hxg3 fxg3 19.Bxg3 h4 20.Bh2 Nh5 21.axb7 Bxb7 22.f4 Nhxf4 23.Nxf4 Nxf4
24.Bxf4 exf4 25.Bg4 Bc8 26.Bxc8 Rxc8 27.Qg4 Qf6 28.Kh1 dxc5 29.Rxa7 Qd6 30.Ne2 Rce8
31.Rxf4 Rxf4 32.Nxf4 Rf8 33.g3 Qh6 34.Qe6+ Qxe6 35.Nxe6 Rf1+ 36.Kg2 Rb1 37.Rxc7 Rxb2+
38.Kh3 Be5 39.Rc8+ Kf7 40.gxh4 Bd6 41.Ng5+ Ke7 42.Nf3 Re2 43.Ng5 Bf4 44.Rc6 Kd7
45.Kg4 Bxg5 46.hxg5 Rxe4+ 47.Kf5 Rc4 48.g6 Ke7 49.Rc8 Rc1 50.g7 Rf1+ 51.Ke4  1-0

[Event "8th ch-Euro"]
[Site "Dresden GER"]
[Date "2007.04.09"]
[Round "7"]
[White "Jahnel,G"]
[Black "Zelbel,P"]
[Result "1/2-1/2"]
[WhiteElo "2303"]
[BlackElo "2144"]

1.d4 Nf6 2.c4 g6 3.Nc3 Bg7 4.e4 d6 5.Be2 O-O 6.Nf3 e5 7.O-O Nc6 8.Be3 Re8
9.dxe5 dxe5 10.Qxd8 Nxd8 11.Nb5 Ne6 12.Ng5 Re7 13.Rfd1 c6 14.Nxe6 Bxe6 15.Nc3 b6
16.Rd6 Rc7 17.Rad1 Bf8 18.R6d2 Rd7 19.Bg5 Rxd2 20.Rxd2 Kg7 21.f3 Rc8 22.Kf2 Nd7
23.Be3 Bb4 24.Rc2 Bc5 25.Bxc5 Nxc5 26.Rd2 a5 27.g3 f6 28.Ke3 Kf7 29.f4 Ke7
30.b3 Rh8 31.Bd1 Rd8 32.Rxd8 Kxd8  1/2-1/2

[Event "Elitzur Winter"]
[Site "Givataim ISR"]
[Date "2007.04.11"]
[Round "5"]
[White "Lerner,K"]
[Black "Kantsler,B"]
[Result "1/2-1/2"]
[WhiteElo "2524"]
[BlackElo "2491"]

1.c4 g6 2.Nf3 Bg7 3.d4 Nf6 4.Nc3 d6 5.e4 O-O 6.Be2 e5 7.O-O Nc6 8.d5 Ne7
9.b4 Nh5 10.Re1 f5 11.Ng5 Nf6 12.f3 c6  1/2-1/2

[Event "8th ch-Euro"]
[Site "Dresden GER"]
[Date "2007.04.14"]
[Round "11"]
[White "Werle,J"]
[Black "Manca,F"]
[Result "1/2-1/2"]
[WhiteElo "2556"]
[BlackElo "2424"]

1.Nf3 Nf6 2.c4 g6 3.Nc3 Bg7 4.e4 d6 5.d4 O-O 6.Be2 e5 7.O-O Nc6 8.d5 Ne7
9.b4 Ne8 10.a4 h6 11.c5 f5 12.Nd2 Nf6 13.Ba3 fxe4 14.Ndxe4 Bf5 15.Bf3 Nxe4
16.Nxe4 g5 17.Re1 Bg6 18.b5 Nf5 19.Bg4 Nd4 20.cxd6 cxd6 21.Nxd6 Nc2 22.Nf5 Nxa3
23.Nxg7 Qf6 24.Ne6 Qxf2+ 25.Kh1 Nc2 26.Re2 Qf6 27.Nxf8 Rxf8 28.Rc1 Bd3 29.Rxe5 Qxe5
30.Qxd3 Ne3 31.Qg6+ Qg7 32.Qe4 Nxg4 33.Qxg4 Qe5 34.Rd1 Qxd5 35.h3 Qe5 36.Qc4+ Kh8
37.Qc2 Kg7 38.Rd7+ Rf7 39.Qd1 b6 40.Rxf7+  1/2-1/2

[Event "Open"]
[Site "Metz FRA"]
[Date "2007.04.15"]
[Round "2"]
[White "Lalic,B"]
[Black "Sandu,Mi"]
[Result "1/2-1/2"]
[WhiteElo "2519"]
[BlackElo "2226"]

1.d4 Nf6 2.c4 g6 3.Nc3 Bg7 4.e4 d6 5.Nf3 O-O 6.Be2 e5 7.O-O Nc6 8.d5 Ne7
9.a4 a5 10.b3 Nd7 11.Ba3 Nc5 12.b4 axb4 13.Bxb4 f5 14.Bxc5 dxc5 15.a5 fxe4
16.Nxe4 c6 17.Ra2 b6 18.Qb3 Bf5 19.Nfd2 Kh8 20.d6 Nc8 21.axb6 Rxa2 22.Qxa2 Nxd6
23.Nxd6 Qxd6 24.Nb3 e4 25.Qa3 Be5 26.h3 Bxh3 27.gxh3 Qf6 28.Nxc5 Qf4 29.Qg3 Qxg3+
30.fxg3 Bd4+ 31.Kg2 Rxf1 32.Bxf1 Bxc5 33.b7 Ba7 34.g4 Kg7 35.g5 Kf7 36.Kg3  1/2-1/2

[Event "Chess Classic Open"]
[Site "Gausdal NOR"]
[Date "2007.04.19"]
[Round "2"]
[White "Tallaksen,G"]
[Black "Lie,Es"]
[Result "0-1"]
[WhiteElo "2415"]
[BlackElo "2335"]

1.Nf3 Nf6 2.c4 g6 3.d4 Bg7 4.Nc3 O-O 5.e4 d6 6.Be2 e5 7.O-O Nc6 8.d5 Ne7
9.Ne1 Nd7 10.Nd3 f5 11.Bd2 Nf6 12.f3 f4 13.g4 g5 14.c5 h5 15.h3 Kf7 16.Rc1 Rh8
17.Nb5 hxg4 18.hxg4 Rh3 19.Kf2 Bxg4 20.cxd6 cxd6 21.fxg4 Nxe4+ 22.Ke1 Qb6
23.Qc2 a6 24.Qc7 Qxc7 25.Nxc7 Rc8 26.Nf2 Nxf2 27.Rxf2 e4 28.Ne6 Rxc1+ 29.Bxc1 Bf6
30.Nd8+ Kg6 31.Nxb7 f3 32.Bd1 Be5 33.Bc2 Rh1+ 34.Kd2 Bf4+ 35.Kc3 Rxc1 36.Kd4 Rxc2
37.Rxc2 e3 38.Kd3 e2 39.Rxe2 fxe2 40.Kxe2 Nxd5  0-1

[Event "Chess Classic Open"]
[Site "Gausdal NOR"]
[Date "2007.04.19"]
[Round "2"]
[White "Dworakowska,J"]
[Black "Bromberger,S"]
[Result "0-1"]
[WhiteElo "2363"]
[BlackElo "2495"]

1.d4 Nf6 2.c4 g6 3.Nc3 Bg7 4.Nf3 O-O 5.e4 d6 6.Be2 e5 7.O-O Nc6 8.d5 Ne7
9.b4 a5 10.Ba3 b6 11.bxa5 Nh5 12.Re1 f5 13.Ng5 Nf4 14.Bf3 Rxa5 15.Bb4 Ra8
16.g3 h6 17.gxf4 hxg5 18.fxg5 fxe4 19.Nxe4 Nf5 20.Bg2 Nh4 21.Bd2 Ra3 22.Re3 Rxe3
23.Bxe3 Nxg2 24.Kxg2 Qd7 25.Kg1 Qh3 26.a4 Bg4 27.Qf1 Qh4 28.Ng3 e4 29.Ra2 Be5
30.a5 bxa5 31.Qb1 Bf3 32.Rxa5 Qh3 33.Qf1 Qh7 34.Qb1 Qh3 35.Qf1 Qh8 36.Ra7 Bg4
37.Qb1 Bxg3 38.fxg3 Qc3 39.Qc1 Bh3 40.Ra1 Rf1+ 41.Qxf1 Bxf1  0-1

[Event "Chess Classic Open"]
[Site "Gausdal NOR"]
[Date "2007.04.20"]
[Round "3"]
[White "Bromberger,S"]
[Black "Stokke,K"]
[Result "1-0"]
[WhiteElo "2495"]
[BlackElo "2339"]

1.d4 Nf6 2.Nf3 g6 3.c4 Bg7 4.Nc3 O-O 5.e4 d6 6.Be2 e5 7.O-O Nc6 8.d5 Ne7
9.Ne1 Nd7 10.Be3 f5 11.f3 f4 12.Bf2 g5 13.Rc1 Rf6 14.Nd3 Rh6 15.c5 a6 16.Qa4 Qe8
17.Kh1 Qh5 18.Bg1 Nf6 19.cxd6 cxd6 20.Nf2 Ng6 21.Ng4 Nxg4 22.Qe8+ Bf8 23.fxg4 Bxg4
24.Qxa8 Bxe2 25.Nxe2 Qxe2 26.Rfe1 Qd3 27.Qc8 Qg3 28.Qe6+ Kg7 29.Rc7+ Kh8
30.Qf6+ Kg8 31.Qf7+ Kh8 32.Qxh7+ Rxh7 33.Rxh7+ Kxh7 34.hxg3  1-0

[Event "Abierto"]
[Site "Berazategui ARG"]
[Date "2007.04.21"]
[Round "5"]
[White "Ricardi,P"]
[Black "Lemos,D"]
[Result "1/2-1/2"]
[WhiteElo "2523"]
[BlackElo "2422"]

1.d4 Nf6 2.c4 g6 3.Nc3 Bg7 4.e4 d6 5.Be2 O-O 6.Nf3 e5 7.O-O Nc6 8.d5 Ne7
9.b4 Nh5 10.Re1 f5 11.Ng5 Nf6 12.f3 Kh8 13.b5 Nh5 14.Ne6 Bxe6 15.dxe6 Nf4
16.Bxf4 exf4 17.Rc1 c6 18.Bd3 fxe4 19.Bxe4 Be5 20.Ne2 Qa5 21.Kh1 Rad8 22.bxc6 bxc6
23.Nd4 Rc8 24.c5 Rfd8 25.Bb1  1/2-1/2

[Event "Abierto"]
[Site "Berazategui ARG"]
[Date "2007.04.22"]
[Round "6"]
[White "Pacheco,M"]
[Black "Ricardi,P"]
[Result "1/2-1/2"]
[WhiteElo "2364"]
[BlackElo "2523"]

1.d4 Nf6 2.c4 g6 3.Nc3 Bg7 4.e4 d6 5.Be2 O-O 6.Nf3 e5 7.O-O Nc6 8.d5 Ne7
9.b4 Nh5 10.Re1 f5 11.Ng5 Nf6 12.Bf3 c6 13.Be3 cxd5 14.cxd5 fxe4 15.Ncxe4 h6
16.Ne6 Bxe6 17.dxe6 Nfd5 18.Qb3 Nxe3 19.fxe3 d5 20.Rad1 Qb6 21.Nc5 e4 22.Bg4 h5
23.Bh3 Qc7 24.Nd7 Rfc8 25.Rf1 Qc3 26.Rf7 Qxb3 27.axb3 Re8 28.g4 hxg4 29.Bxg4 Rac8
30.Rdf1 Nf5 31.Bxf5 gxf5 32.Nf6+ Bxf6 33.Rxf6 Re7 34.R1xf5 Rg7+ 35.Kf2 Rc2+
36.Kf1 Rc1+ 37.Kf2 Rc2+ 38.Kf1 Rc1+  1/2-1/2

[Event "TCh-UKR"]
[Site "Alushta UKR"]
[Date "2007.04.26"]
[Round "6"]
[White "Melnichuk,M"]
[Black "Timoshenko,G"]
[Result "1/2-1/2"]
[WhiteElo "2235"]
[BlackElo "2566"]

1.d4 Nf6 2.c4 g6 3.Nc3 Bg7 4.e4 d6 5.Nf3 O-O 6.Be2 e5 7.O-O Nc6 8.dxe5 dxe5
9.Qxd8 Rxd8 10.Bg5 Rf8 11.Be3 Bg4 12.Rfd1 Rfd8 13.Rxd8+ Rxd8 14.Rd1 Re8 15.h3 Bxf3
16.Bxf3 a6 17.Nd5 Nxd5 18.cxd5  1/2-1/2

[Event "President's Cup Rapid"]
[Site "Ankara TUR"]
[Date "2007.04.28"]
[Round "3"]
[White "Citak,S"]
[Black "Erdogdu,M"]
[Result "1/2-1/2"]
[WhiteElo "2358"]
[BlackElo "2401"]

1.d4 Nf6 2.c4 g6 3.Nc3 Bg7 4.e4 d6 5.Nf3 O-O 6.Be2 e5 7.O-O Nc6 8.d5 Ne7
9.Nd2 a5 10.a3 Nd7 11.Rb1 f5 12.b4 axb4 13.axb4 Kh8 14.Qc2 Ng8 15.Rb3 Ngf6
16.Ra3 Rb8 17.Bd3 fxe4 18.Ndxe4 Nxe4 19.Nxe4 Nf6 20.Bg5 Bf5 21.c5 Qd7 22.Nxf6 Bxf6
23.Bxf5 gxf5 24.Bxf6+ Rxf6 25.Qc4 f4 26.f3 Rg6 27.Rf2 Rbg8 28.Raa2 c6 29.Rad2 dxc5
30.dxc6 Qxc6 31.Qxc5 Re8 32.Qxc6 Rxc6 33.Rd7 e4 34.fxe4 Rxe4 35.Rxb7 Rc1+
36.Rf1 Rc2 37.Rb5 h6 38.Rb8+ Kg7 39.Rb7+ Kg6 40.Rb6+ Kg5 41.Rb8 Rb2 42.Rg8+ Kf5
43.Rf8+ Kg5 44.Rg8+  1/2-1/2

[Event "VI It"]
[Site "Sao Jose do Rio Preto ARG"]
[Date "2007.04.29"]
[Round "11"]
[White "Marra,E"]
[Black "Crosa Coll,M"]
[Result "1/2-1/2"]
[WhiteElo "2290"]
[BlackElo "2403"]

1.d4 Nf6 2.c4 g6 3.Nc3 Bg7 4.e4 d6 5.Nf3 O-O 6.Be2 e5 7.O-O Nc6 8.d5 Ne7
9.b4 a5 10.bxa5 Rxa5 11.a4 Ne8 12.Ba3  1/2-1/2

[Event "TCh-RUS"]
[Site "Sochi RUS"]
[Date "2007.05.07"]
[Round "6"]
[White "Popov,Val"]
[Black "Amonatov,F"]
[Result "1/2-1/2"]
[WhiteElo "2589"]
[BlackElo "2574"]

1.d4 Nf6 2.c4 g6 3.Nc3 Bg7 4.e4 d6 5.Nf3 O-O 6.Be2 e5 7.O-O Nc6 8.d5 Ne7
9.a4 a5 10.Ne1 Nd7 11.Nd3 f5 12.f3 f4 13.b3 g5 14.Ba3 b6 15.b4 axb4 16.Bxb4 Nc5
17.a5 Bd7 18.Nb5 Qb8 19.axb6 Rxa1 20.Qxa1 cxb6 21.Qa3 Nc8 22.Ra1 Bxb5 23.cxb5 Rf7
24.Qa8 Rb7 25.Nb2 Bf8 26.Qxb8 Rxb8 27.Ra3 Kf7 28.g3 Rb7 29.Bf1 Rc7 30.Nc4 Be7
31.Nd2 Kf6 32.Ra8 h5 33.gxf4 gxf4 34.Kf2 Nd7 35.Ke1 Rc1+ 36.Ke2 Rc7 37.Kd1 Na7
38.Nb1 Nc5 39.Bxc5 dxc5 40.Rb8 Nc8 41.Nc3 Kg5 42.Bh3 Nd6 43.Rxb6 Ra7 44.Ra6 Nxb5
45.Rxa7 Nxa7 46.Bd7 c4 47.Na4 Kf6 48.Nb6 Bd6 49.Nxc4 Ke7 50.Be8 h4 51.Ke2 Bc7
52.Ba4 Nc8 53.Kf1 Kf6 54.Nb2 Nd6 55.Nd3 Nf7 56.Bd7 Bb6 57.Be6 Nd6 58.Kg2 Bd4
59.Kh3 Kg5 60.Nb4 Bb2 61.Nc6 Bc3 62.Bg4 Nc4 63.Nd8 Be1 64.Nf7+ Kf6 65.Be6 Bf2
66.Nh6 Be1 67.Bd7 Kg5 68.Ng4 Bc3 69.Nf2 Bd4 70.Nd3 Nd6 71.Bg4 Nc4 72.Nb4 Nd6
73.Nc6 Bc3 74.Nd8 Be1 75.Be6 Ba5 76.Nc6 Bc3 77.Bd7 Kh5 78.Nd8 Kg5 79.Bg4 Be1
80.Ne6+ Kf6 81.Bh5 Nc4 82.Bg4 Nd6 83.Kg2 Bb4 84.h3 Ba5 85.Nc5 Ke7 86.Kf1 Bb6
87.Nd7 Bd4 88.Nb8 Bb6 89.Ke2 Bg1 90.Nc6+ Kf6 91.Kd3 Bf2 92.Kc3 Be3 93.Kb4 Bf2
94.Nd8 Be3 95.Ne6 Bf2  1/2-1/2

[Event "TCh-RUS HL"]
[Site "Sochi RUS"]
[Date "2007.05.09"]
[Round "7"]
[White "Novik,M"]
[Black "Loskutov,O"]
[Result "1/2-1/2"]
[WhiteElo "2466"]
[BlackElo "2409"]

1.d4 Nf6 2.c4 g6 3.Nc3 Bg7 4.e4 d6 5.Nf3 O-O 6.Be2 e5 7.O-O Nc6 8.d5 Ne7
9.Ne1 Ne8 10.Nd3 f5 11.f4 fxe4 12.Nxe4 exf4 13.Nxf4 Nf5 14.Ne6 Bxe6 15.dxe6 Bd4+
16.Kh1 Qh4 17.Rf4 Ng3+ 18.Nxg3 Rxf4 19.Bxf4 Qxf4 20.Qb3 Nf6 21.Qxb7 Re8 22.Qxc7 Rxe6
23.Rf1 Qd2 24.Bf3 Bf2 25.Bd5 Nxd5 26.Qc8+ Kf7 27.Qb7+ Ne7 28.Qf3+ Nf5 29.Rxf2 Qc1+
30.Rf1 Re1 31.Kg1 Rxf1+ 32.Nxf1 h5 33.b3 Kf6 34.Qa8 Qa3 35.Qh8+ Kg5 36.Qa1 Qc5+
37.Kh1 Qf2 38.Qc1+ Kf6 39.Nd2 Kf7 40.Nf3 Qxa2 41.b4 Qf2 42.Qa1 Ke8 43.Qg1 Qb6
44.Qc1 Qe3 45.Qd1 Kf7 46.Qa1 Kg8 47.h3  1/2-1/2

[Event "TCh-RUS"]
[Site "Sochi RUS"]
[Date "2007.05.09"]
[Round "8"]
[White "Korotylev,A"]
[Black "Amonatov,F"]
[Result "1/2-1/2"]
[WhiteElo "2620"]
[BlackElo "2574"]

1.d4 Nf6 2.c4 g6 3.Nc3 Bg7 4.e4 d6 5.Be2 O-O 6.Nf3 e5 7.O-O Nc6 8.d5 Ne7
9.Ne1 Nd7 10.Nd3 f5 11.Bd2 Nf6 12.f3 f4 13.c5 g5 14.cxd6 cxd6 15.Rc1 a6 16.Nf2 Rf7
17.a4 Ng6 18.b4 b6 19.Nb1 Bf8 20.Na3 h5 21.h3 Rg7 22.Nc4 Nd7 23.Rc3 Nh4  1/2-1/2

[Event "TCh-RUS HL"]
[Site "Sochi RUS"]
[Date "2007.05.10"]
[Round "8"]
[White "Tonoian,A"]
[Black "Sjugirov,S"]
[Result "1/2-1/2"]
[WhiteElo "2398"]
[BlackElo "2395"]

1.d4 Nf6 2.c4 g6 3.Nc3 Bg7 4.e4 d6 5.Be2 O-O 6.Nf3 e5 7.O-O Nc6 8.d5 Ne7
9.Ne1 Nd7 10.Be3 f5 11.f3 f4 12.Bf2 g5 13.Rc1 Rf6 14.b4 Rh6 15.c5 Qe8 16.Nb5 Qh5
17.h4 Ng6 18.g4 fxg3 19.Bxg3 Nf4 20.Nxc7 Qg6 21.Kh2 Rb8 22.Ne6 Nf8 23.Nxf4 gxf4
24.Bf2 Kh8 25.Ng2 Bf6 26.Rh1 Qg7 27.Kg1 Rh5 28.cxd6 Bd7 29.Kf1 Ng6 30.Ke1 Nxh4
31.Nxh4 Bxh4 32.Bxh4 Rxh4 33.Kd2 Rxh1 34.Qxh1 Qf6 35.Qg1 b6 36.Rc7 Qxd6 37.Qc1 Re8
38.a3 h5 39.Qh1 Qxc7 40.Qxh5+ Kg7 41.Qg5+  1/2-1/2

[Event "25th Liechtenstein Open"]
[Site "Triesen LIE"]
[Date "2007.05.13"]
[Round "3"]
[White "Goris Schouwstra,A"]
[Black "Maurer,F"]
[Result "1/2-1/2"]
[WhiteElo "1882"]
[BlackElo "2097"]

1.d4 Nf6 2.Nf3 g6 3.c4 Bg7 4.Nc3 O-O 5.e4 d6 6.Be2 e5 7.O-O Nc6 8.d5 Ne7
9.Ne1 Nd7 10.Nd3 f5 11.Bd2 Nf6 12.f3 f4 13.g4 h5 14.h3 g5 15.c5 Ng6 16.cxd6 cxd6
17.Be1 Rf7 18.Bf2 Bf8 19.Kg2 Nh4+ 20.Bxh4 gxh4 21.Kh2 hxg4 22.hxg4 Bd7 23.Nf2 a6
24.Rc1 Rc8 25.Nh3 Nh7 26.Qe1 Be7 27.Qf2 Qc7 28.Bd3 Rff8 29.Ne2 Qb8 30.Rxc8 Rxc8
31.Rc1 Rc5 32.b4 Rxc1 33.Nxc1 Qc7 34.Ne2 b5 35.Qg1 Bd8 36.Qf2 Nf8 37.Qg1 Ng6
38.Qf2 Qb7 39.Qg1 Bb6 40.Qc1 Be3 41.Qc2 Qb6 42.Qc3 Bf2 43.Qd2 Nf8 44.Kg2 Bg3
45.Qc1 Nh7 46.Qg1 Qc7 47.Qf1 Qc8  1/2-1/2

[Event "Capo d'Orso"]
[Site "Porto Mannu PAL"]
[Date "2007.05.20"]
[Round "2"]
[White "Locci,D"]
[Black "Nickel,A"]
[Result "1/2-1/2"]
[WhiteElo "2008"]
[BlackElo "2101"]

1.Nf3 Nf6 2.c4 g6 3.Nc3 Bg7 4.e4 d6 5.d4 O-O 6.Be2 e5 7.O-O Nc6 8.d5 Ne7
9.Nd2 Nd7 10.b4 a5 11.bxa5 Rxa5 12.Nb3 Ra8 13.Be3 b6 14.a4 f5 15.f3 Nc5 16.Qc2 f4
17.Bf2 g5 18.Ra2 h5 19.Rfa1 g4 20.a5 Ng6 21.axb6 Rxa2 22.Rxa2 cxb6 23.Nb5 g3
24.Bxc5 gxh2+ 25.Kh1 bxc5 26.Na5 Nh4 27.Bf1 Qf6 28.Qf2 Ng6 29.Nc6 Ne7 30.Nxe7+ Qxe7
31.Ra7 Qd8 32.Kxh2 Bf6 33.g3 Bg5 34.Kh1 fxg3 35.Qxg3 Bg4 36.Be2 Bf4 37.Qe1 Bd2
38.Qg3 Bf4 39.Qe1 Bd2 40.Qg3 Bf4  1/2-1/2

[Event "3rd UKR Games Men"]
[Site "Evpatoria UKR"]
[Date "2007.05.21"]
[Round "1"]
[White "Sushchev,A"]
[Black "Maximov,D"]
[Result "0-1"]
[WhiteElo "2300"]
[BlackElo "2482"]

1.c4 Nf6 2.Nc3 g6 3.e4 d6 4.d4 Bg7 5.Be2 O-O 6.Nf3 e5 7.O-O Nc6 8.d5 Ne7
9.Ne1 Nd7 10.Nd3 f5 11.Bd2 Nf6 12.f3 f4 13.c5 g5 14.g4 h5 15.h3 hxg4 16.hxg4 Ng6
17.Be1 Kf7 18.Kg2 Rh8 19.Rh1 Rxh1 20.Kxh1 Qh8+ 21.Kg2 Bd7 22.Bf2 Nh4+ 23.Bxh4 Qxh4
24.Qe1 Qh7 25.Qh1 Qg6 26.cxd6 cxd6 27.Nf2 Rh8 28.Qg1 a6 29.Rc1 Bf8 30.Qd1 Qh7
31.Qh1 Qg8 32.Qd1 Be7 33.Qb3 Qb8 34.Rh1 Rxh1 35.Kxh1 Qa7 36.Kg2 Bd8 37.Qa3 Bb6
38.Nh3 Bc7 39.Nd1 Kg6 40.Qc3 Bb6 41.b3 Qb8 42.Ndf2 Bd4 43.Qc1 Qd8 44.Nd3 Qa5
45.Qc2 Ba7 46.Nhf2 Qb6 47.Qc1 a5 48.Qa3 Bb5 49.Qc1 Qd4 50.Qd1 Qe3 51.Qc2 Ba6
52.Qd1 Bxd3 53.Nxd3 Nxe4 54.Nxf4+ exf4 55.Bd3 Qf2+ 56.Kh1 Qh4+ 57.Kg2 Qg3+  0-1

[Event "3rd UKR Games Men"]
[Site "Evpatoria UKR"]
[Date "2007.05.22"]
[Round "3"]
[White "Sushchev,A"]
[Black "Sherbina,A"]
[Result "1-0"]
[WhiteElo "2300"]
[BlackElo "2339"]

1.c4 Nf6 2.Nc3 g6 3.d4 Bg7 4.e4 d6 5.Be2 O-O 6.Nf3 e5 7.O-O Nc6 8.d5 Ne7
9.Ne1 Nd7 10.Nd3 f5 11.Bd2 f4 12.Bg4 Nf6 13.Bxc8 Rxc8 14.f3 g5 15.Rc1 Rf7
16.c5 Bf8 17.cxd6 cxd6 18.Nf2 Ng6 19.Qa4 h5 20.Ne2 g4 21.Rxc8 Qxc8 22.Rc1 Qd8
23.Qa5 b6 24.Qc3 Nh4 25.Kh1 Rg7 26.fxg4 Nxg4 27.Nxg4 hxg4 28.Ng1 Qe8 29.Qc8 Qa4
30.Qc4 Qe8 31.Qc8 Qa4 32.Qe6+ Kh7 33.Be1 Qxe4 34.Bxh4 f3 35.gxf3 gxf3 36.Bf2 Rg2
37.Qh3+ Bh6 38.Nxf3 Rxf2 39.Rc7+ Kg6 40.Qg3+  1-0

[Event "Capo d'Orso"]
[Site "Porto Mannu PAL"]
[Date "2007.05.22"]
[Round "4"]
[White "Locci,D"]
[Black "Kosov,Ig"]
[Result "1-0"]
[WhiteElo "2008"]
[BlackElo "1717"]

1.Nf3 Nf6 2.d4 g6 3.c4 Bg7 4.Nc3 O-O 5.e4 d6 6.Be2 Nc6 7.O-O e5 8.d5 Ne7
9.Nd2 Ne8 10.b4 f5 11.c5 f4 12.Bg4 Nf6 13.Bxc8 Qxc8 14.Ba3 g5 15.Rc1 Qd7
16.Nc4 Ng6 17.f3 Rf7 18.b5 Bf8 19.b6 Ne8 20.bxc7 dxc5 21.Qb3 Qxc7 22.Nb5 Qb8
23.Rfd1 a6 24.Nb6 axb5 25.Nxa8 b4 26.Nb6 Qa7 27.Nc8 Qxa3 28.d6 Qxb3 29.axb3 Rd7
30.Rxc5 Bxd6 31.Nxd6 Rxd6 32.Rxd6 Nxd6 33.Rd5 Nf7 34.Rd7 Kf8 35.Rxb7 Ne7
36.Rb8+ Kg7 37.Rxb4 Nc6 38.Rb6 Nfd8 39.b4 Nd4 40.Rd6 Nf7 41.Rd5 Kf6 42.b5 Ke6
43.b6 Nd6 44.Rc5 h6 45.Rc7 N4b5 46.b7 Nxb7 47.Rxb7 Nd6 48.Rc7 Kf6 49.Rc6 Ke6
50.Kf2 Kd7 51.Ra6 Ke7 52.g4 fxg3+ 53.Kxg3 h5 54.h4 Nf7 55.hxg5 Nxg5 56.Rh6 Nf7
57.Rxh5 Ke6 58.Kg4 Kf6 59.Rf5+ Ke6 60.Rxf7  1-0

[Event "Capo d'Orso"]
[Site "Porto Mannu PAL"]
[Date "2007.05.22"]
[Round "4"]
[White "Ziegler,A"]
[Black "Nickel,A"]
[Result "1/2-1/2"]
[WhiteElo "2335"]
[BlackElo "2101"]

1.d4 Nf6 2.Nf3 g6 3.c4 Bg7 4.Nc3 d6 5.e4 O-O 6.Be2 e5 7.O-O Nc6 8.d5 Ne7
9.b4 a5 10.Ba3 axb4 11.Bxb4 Nd7 12.a4 h6 13.Qb3 Kh7 14.Ne1 f5 15.f3 h5 16.Nd3 Bh6
17.a5 Be3+ 18.Kh1 f4 19.Na4 h4 20.Be1 Bd4 21.Rc1 g5 22.c5 Rf6 23.c6 bxc6
24.dxc6 Nf8 25.Nc3 Rxa5 26.Nb5 Be6 27.Qb1 Ra1 28.Qc2 Ra2 29.Qd1 Be3 30.Rc3 Qb8
31.Nb4 Ra8 32.Bf2 Bxf2 33.Rxf2 Ra5 34.Qd3 Ra1+ 35.Rf1 Rxf1+ 36.Bxf1 Qb6 37.Qd2 g4
38.Nd5 Bxd5 39.exd5 Nf5 40.fxg4 Ne3 41.Qf2 Kg7 42.g5 Rf7 43.Qxh4 Nf5 44.Qh5 Ng6
45.Rh3 Qf2 46.Qe2 Qxe2 47.Bxe2 Ne3 48.Nc3 Ne7 49.Bf3 Rf8 50.Be4 N7f5 51.g4 Nxg4
52.Kg1 Nge3 53.Nb5 Rc8 54.Kf2 Kg6 55.Rh6+ Kxg5 56.Rh7 Rb8 57.Nxc7 Rb2+ 58.Ke1 f3
59.Bxf3 Kf4 60.Bh5 Ng2+ 61.Kd1 Nge3+ 62.Kc1 Rxh2 63.Ne6+ Kg3 64.c7 Rc2+ 65.Kb1 Rc3
66.Bg6 Nd4 67.Rg7 Kf2 68.Rg8 Nxd5 69.c8=Q Rxc8 70.Rxc8 Nxe6 71.Bf7 Ndc7  1/2-1/2

[Event "1st WCh-Team Women"]
[Site "Ekaterinburg RUS"]
[Date "2007.05.23"]
[Round "4"]
[White "Vasilevich,T"]
[Black "Schoene,Mar"]
[Result "1/2-1/2"]
[WhiteElo "2383"]
[BlackElo "2151"]

1.d4 Nf6 2.c4 g6 3.Nc3 Bg7 4.e4 d6 5.Nf3 O-O 6.Be2 e5 7.O-O Nc6 8.d5 Ne7
9.b4 a5 10.Ba3 b6 11.bxa5 Nh5 12.Nb5 Bd7 13.g3 f5 14.Ng5 Nf6 15.f3 Rxa5 16.Bb4 Ra8
17.Qd3 h6 18.Ne6 Bxe6 19.dxe6 Nc6 20.Bd2 fxe4 21.fxe4 Qe7 22.Nc3 Qxe6 23.Nd5 Rac8
24.Nxf6+ Rxf6 25.Rxf6 Bxf6 26.Bxh6 Nd4 27.Be3 Kg7 28.a4 Ra8 29.Bd2 Rh8  1/2-1/2

[Event "10th IHEM"]
[Site "Hamburg GER"]
[Date "2007.05.28"]
[Round "3"]
[White "Landa,K"]
[Black "Chevelevitch,E"]
[Result "1-0"]
[WhiteElo "2608"]
[BlackElo "2422"]

1.Nf3 Nf6 2.d4 g6 3.c4 Bg7 4.Nc3 O-O 5.e4 d6 6.Be2 e5 7.O-O Nc6 8.d5 Ne7
9.b4 Nh5 10.Re1 f5 11.Ng5 Nf6 12.f3 Kh8 13.Rb1 Nh5 14.c5 Nf4 15.Bc4 fxe4
16.Ngxe4 Nf5 17.g3 Nh3+ 18.Kg2 Nd4 19.Rf1 a5 20.Ne2 Bf5 21.Nxd4 exd4 22.Qd3 Ng5
23.Bxg5 Bxe4 24.Qxe4 Qxg5 25.f4 Qf6 26.Rfe1 axb4 27.Rxb4 dxc5 28.Rxb7 Ra4
29.Bb3 Rb4 30.Rxc7 c4 31.Rxc4 Rxc4 32.Bxc4 Qb6 33.h4 Qb2+ 34.Re2 Qc3 35.Bd3 Bf6
36.h5  1-0

[Event "1st WCh-Team Women"]
[Site "Ekaterinburg RUS"]
[Date "2007.05.29"]
[Round "9"]
[White "Huang Qian"]
[Black "Schoene,Mar"]
[Result "1-0"]
[WhiteElo "2400"]
[BlackElo "2151"]

1.d4 Nf6 2.c4 g6 3.Nc3 Bg7 4.e4 d6 5.Be2 O-O 6.Nf3 e5 7.O-O Nc6 8.d5 Ne7
9.b4 a5 10.bxa5 c5 11.Nd2 Rxa5 12.a4 Ra6 13.Nb5 Ne8 14.Bb2 f5 15.Ra3 Nf6
16.Qc2 h5 17.f4 Nd7 18.Nf3 exf4 19.Bxg7 Kxg7 20.Qb2+ Rf6 21.Nxd6 Rxd6 22.e5 Nxe5
23.Qxe5 Ra6 24.Qxf4 Qd6 25.g3 Bd7 26.Rb1 b6 27.Bd1 Nc8 28.Ne5 Kh7 29.h4 Ra7
30.Bc2 Be8 31.Re1 Kg7 32.Raa1 Bd7 33.Qd2 Rf8 34.Qf4 Re8 35.Re3 Re7 36.Kf2 Be8
37.Raa3 Qf6 38.Re1 Nd6 39.Rae3 Ne4+ 40.Bxe4 Rxe5 41.Bc2 Rxe3 42.Rxe3 Bxa4
43.Qb8 Qf7 44.Ra3 Qd7 45.Qxb6 Kh6 46.Qxc5 f4 47.gxf4 Ra8 48.Bxa4 Rxa4 49.Rxa4 Qxa4
50.Qf8+ Kh7 51.Qe7+ Kh6 52.Qe4 Qa3 53.Qe3 Qd6 54.Qd4 Qd8 55.f5 Qf8 56.Qf4+ Kg7
57.Qe5+ Kh7 58.d6 Qb8 59.Qe7+ Kg8 60.Qe6+ Kh8 61.Qf6+  1-0

[Event "35th World Open"]
[Site "King of Prussia USA"]
[Date "2007.06.01"]
[Round "4"]
[White "Ftacnik,L"]
[Black "Aramil,W"]
[Result "1-0"]
[WhiteElo "2573"]
[BlackElo "2222"]

1.d4 Nf6 2.Nf3 g6 3.c4 Bg7 4.Nc3 O-O 5.e4 d6 6.Be2 e5 7.O-O Nc6 8.d5 Ne7
9.Nd2 a5 10.Rb1 Bd7 11.b3 c6 12.Ba3 c5 13.Bc1 Bh6 14.a3 Ne8 15.b4 b6 16.Qb3 axb4
17.axb4 f5 18.bxc5 bxc5 19.Qb6 Qc8 20.Bd3 f4 21.f3 g5 22.Rf2 Rf7 23.Nf1 Bf8
24.Ra2 Rxa2 25.Nxa2 Ng6 26.Qb8 Qxb8 27.Rxb8 h5 28.Bd2 g4 29.Be1 gxf3 30.gxf3 Be7
31.Nd2 Bh4 32.Bxh4 Nxh4 33.Kf2 Rg7 34.Bf1 Ng6 35.Nc3 Kf8 36.Nb5 Ke7 37.Nb3 Nh8
38.Na5 Nf7 39.Rb7 Ng5 40.Nc6+ Kf6 41.Rb8 Kf7 42.Rd8 Bh3 43.Nxd6+ Nxd6 44.Rxd6 Bxf1
45.Nxe5+ Ke7 46.Rd7+ Kf6 47.Rxg7 Kxg7 48.Kxf1 Kf6 49.h4  1-0

[Event "29th Mem Nezhmetdinov"]
[Site "Kazan RUS"]
[Date "2007.06.03"]
[Round "3"]
[White "Rychagov,A"]
[Black "Hojamgulyev,B"]
[Result "1/2-1/2"]
[WhiteElo "2571"]
[BlackElo "2175"]

1.d4 Nf6 2.c4 g6 3.Nf3 Bg7 4.e4 d6 5.Nc3 O-O 6.Be2 e5 7.O-O Nc6 8.d5 Ne7
9.b4 Nh5 10.Re1 a5 11.bxa5 Rxa5 12.Nd2 Nf4 13.Bf1 Ra8 14.a4 f5 15.g3 Nh5
16.exf5 Nxf5 17.Nde4 Nf6 18.Bg2 Nd4 19.Bb2 Bg4 20.Qd3 Nxe4 21.Nxe4 Nf3+ 22.Bxf3 Bxf3
23.Re3 Bxe4 24.Qxe4 b6 25.Rea3 Qf6 26.f3 Qf5 27.Bc1 h5 28.Kg2 Kh7 29.Bd2 Bh6
30.Be1 Qxe4 31.fxe4 Rf7 32.Rf3 Raf8 33.Rxf7+ Rxf7 34.a5 Be3 35.a6 Rf8 36.a7 Ra8
37.Bf2 Bxf2 38.Kxf2 Kg7 39.g4 Kf6 40.gxh5 gxh5 41.Kg3 Kg5 42.Ra2 Kf6 43.Kf3 Ke7
44.Ke3 Kd8 45.Kd3 Kd7 46.Ke3 Ke8 47.h3 Ke7 48.Ra3 Kd7 49.Kd3 Ke7 50.Ke3 Ke8
51.Kf3 Kf7 52.Ra2 Kf6 53.Ke2 Ke7 54.Ra1 Ke8 55.Ke3  1/2-1/2

[Event "35th World Open"]
[Site "King of Prussia USA"]
[Date "2007.06.04"]
[Round "9"]
[White "Bartholomew,J"]
[Black "Morshedi,A"]
[Result "1-0"]
[WhiteElo "2419"]
[BlackElo "2358"]

1.Nf3 Nf6 2.c4 g6 3.Nc3 Bg7 4.e4 d6 5.d4 O-O 6.Be2 e5 7.O-O Nc6 8.d5 Ne7
9.b4 Nh5 10.Re1 f5 11.Ng5 Nf6 12.f3 f4 13.c5 Nh5 14.Bc4 Kh8 15.Ne6 Bxe6 16.dxe6 Nc6
17.Nd5 Bf6 18.Bb2 dxc5 19.bxc5 Be7 20.Nxe7 Qxe7 21.Bd5 Qxc5+ 22.Kf1 Nd4 23.Bxd4 exd4
24.Rc1 Qb5+ 25.Re2 c5 26.Rb1 Qa6 27.e7 Rfb8 28.e8=Q+ Rxe8 29.Bxb7 Qe6 30.Bd5 Qd6
31.Bxa8 Rxa8 32.Qa4 Ng7 33.Rb7 Ne6 34.Reb2 d3 35.Rd7 Qe5 36.Qb3 c4 37.Qb4 c3
38.Qe7 Qg7 39.Qxg7+ Nxg7 40.Rb1 d2 41.Rc7  1-0